Oxford textbook of trauma and orthopaedics / (Record no. 612225)

000 -LEADER
fixed length control field 01739cam a2200421 a 4500
001 - CONTROL NUMBER
control field 16477345
005 - DATE AND TIME OF LATEST TRANSACTION
control field 20241031114836.0
008 - FIXED-LENGTH DATA ELEMENTS--GENERAL INFORMATION
fixed length control field 100924s2011 enka b 001 0 eng
010 ## - LIBRARY OF CONGRESS CONTROL NUMBER
LC control number 2010040669
020 ## - INTERNATIONAL STANDARD BOOK NUMBER
International Standard Book Number 9780199550647 (hbk. : alk. paper)
020 ## - INTERNATIONAL STANDARD BOOK NUMBER
International Standard Book Number 9780198766506 (Pbk.)
035 ## - SYSTEM CONTROL NUMBER
System control number (DNLM)101542051
040 ## - CATALOGING SOURCE
Original cataloging agency DNLM/DLC
Transcribing agency DLC
Modifying agency DLC
042 ## - AUTHENTICATION CODE
Authentication code pcc
050 00 - LIBRARY OF CONGRESS CALL NUMBER
Classification number RD731
Item number .O95 2011
060 10 - NATIONAL LIBRARY OF MEDICINE CALL NUMBER
Classification number WE 168
082 00 - DEWEY DECIMAL CLASSIFICATION NUMBER
Classification number 616.7
Author Mark OXF
245 00 - TITLE STATEMENT
Title Oxford textbook of trauma and orthopaedics /
Statement of responsibility, etc. edited by Christopher Bulstrode (editor-in-chief) ... [et al.].
246 1# - VARYING FORM OF TITLE
Title proper/short title Trauma and orthopaedics
250 ## - EDITION STATEMENT
Edition statement 2nd ed.
260 ## - PUBLICATION, DISTRIBUTION, ETC.
Place of publication, distribution, etc. Oxford ;
-- New York :
Name of publisher, distributor, etc. Oxford University Press,
Date of publication, distribution, etc. 2017.
300 ## - PHYSICAL DESCRIPTION
Extent xx, 1176 p. :
Other physical details ill. ;
Dimensions 29 cm.
490 0# - SERIES STATEMENT
Series statement Oxford textbooks in surgery
500 ## - GENERAL NOTE
General note Rev. ed. of: Oxford textbook of orthopedics and trauma. 2002.
504 ## - BIBLIOGRAPHY, ETC. NOTE
Bibliography, etc. note Includes bibliographical references and index.
650 #0 - SUBJECT ADDED ENTRY--TOPICAL TERM
Topical term or geographic name entry element Orthopedics.
9 (RLIN) 126663
650 #0 - SUBJECT ADDED ENTRY--TOPICAL TERM
Topical term or geographic name entry element Musculoskeletal system
General subdivision Wounds and injuries.
9 (RLIN) 126664
650 12 - SUBJECT ADDED ENTRY--TOPICAL TERM
Topical term or geographic name entry element Orthopedics
General subdivision methods.
9 (RLIN) 126665
650 22 - SUBJECT ADDED ENTRY--TOPICAL TERM
Topical term or geographic name entry element Fractures, Bone
General subdivision surgery.
9 (RLIN) 126666
650 22 - SUBJECT ADDED ENTRY--TOPICAL TERM
Topical term or geographic name entry element Musculoskeletal System
General subdivision surgery.
9 (RLIN) 126667
650 22 - SUBJECT ADDED ENTRY--TOPICAL TERM
Topical term or geographic name entry element Orthopedic Procedures.
9 (RLIN) 126668
700 1# - ADDED ENTRY--PERSONAL NAME
Personal name Bulstrode, C. J. K.
Fuller form of name (Christopher J. K.)
9 (RLIN) 126669
700 1# - ADDED ENTRY--PERSONAL NAME
Personal name Bulstrode, C. J. K.
Fuller form of name (Christopher J. K.)
Title of a work Oxford textbook of orthopedics and trauma.
9 (RLIN) 126670
906 ## - LOCAL DATA ELEMENT F, LDF (RLIN)
a 7
b cbc
c orignew
d 1
e ecip
f 20
g y-gencatlg
942 ## - ADDED ENTRY ELEMENTS (KOHA)
Source of classification or shelving scheme
Koha item type Book
Holdings
Withdrawn status Lost status Source of classification or shelving scheme Damaged status Not for loan Permanent Location Current Location Shelving location Date acquired Source of acquisition Cost, normal purchase price Full call number Barcode Date last seen Price effective from Koha item type
          NUST School of Health Sciences (NSHS) NUST School of Health Sciences (NSHS) General Stacks 09/26/2024 Progressive International Agencies (Pvt) Limited. 81933.80 616.7 OXF NSHS-1834 10/31/2024 09/26/2024 Book
© 2023 Central Library, National University of Sciences and Technology. All Rights Reserved.